Y mi bosque encantaba... / (Registro nro. 7349)
[ vista simple ]
| 000 -LEADER | |
|---|---|
| fixed length control field | 01321nam a22002777a 4500 |
| 003 - CONTROL NUMBER IDENTIFIER | |
| control field | OSt |
| 005 - DATE AND TIME OF LATEST TRANSACTION | |
| control field | 20210226123509.0 |
| 008 - FIXED-LENGTH DATA ELEMENTS--GENERAL INFORMATION | |
| fixed length control field | 210226s2014 ck a|||cr|||| 00| jdspa d |
| 020 ## - INTERNATIONAL STANDARD BOOK NUMBER | |
| International Standard Book Number | 9789585859463 |
| 040 ## - CATALOGING SOURCE | |
| Original cataloging agency | CO-JMCR |
| Transcribing agency | CO-JMCR |
| 041 0# - LANGUAGE CODE | |
| Language code of text/sound track or separate title | spa |
| 082 04 - DEWEY DECIMAL CLASSIFICATION NUMBER | |
| Classification number | C / |
| Item number | GARy |
| Edition number | 23 |
| 100 1# - MAIN ENTRY--PERSONAL NAME | |
| Personal name | García Esperón, María, |
| Relator term | autora |
| 9 (RLIN) | 14008 |
| 245 10 - TITLE STATEMENT | |
| Title | Y mi bosque encantaba... / |
| Statement of responsibility, etc. | María García Esperón ; ilustraciones, Marlén Mora |
| 250 ## - EDITION STATEMENT | |
| Edition statement | Primera edición |
| 260 ## - PUBLICATION, DISTRIBUTION, ETC. | |
| Place of publication, distribution, etc. | Bogotá : |
| Name of publisher, distributor, etc. | Enlace Editorial, |
| Date of publication, distribution, etc. | 2014 |
| 300 ## - PHYSICAL DESCRIPTION | |
| Extent | 54 páginas : |
| Other physical details | ilustraciones a color ; |
| Dimensions | 20 cm. |
| 490 0# - SERIES STATEMENT | |
| Series statement | El tren dorado. Cuarta estación |
| 500 ## - GENERAL NOTE | |
| General note | Incluye datos biográficos de la autora. |
| 520 3# - SUMMARY, ETC. | |
| Summary, etc. | El conde Aceituna y la Bella Durmiente, el príncipe Lejos y el Hada del Cerca...se reúnen en este bosque encantado donde todas las flores cuentan una historia y donde todos los árboles tienen un hada de largos cabellos y ojos verdes.Y como la voz que encantaba...la de este bosque se expresa en versos, para convertirse en canción y en danza y en un sueño alumbrado por el rostro eterno de la luna-luna. |
| 521 ## - TARGET AUDIENCE NOTE | |
| Target audience note | A partir de 11 años |
| 650 14 - SUBJECT ADDED ENTRY--TOPICAL TERM | |
| Topical term or geographic name entry element | Cuentos infantiles mexicanos |
| Chronological subdivision | Siglo XXI |
| 9 (RLIN) | 14009 |
| 650 14 - SUBJECT ADDED ENTRY--TOPICAL TERM | |
| Topical term or geographic name entry element | Versos para niños |
| 9 (RLIN) | 14010 |
| 700 1# - ADDED ENTRY--PERSONAL NAME | |
| Personal name | Mora, Marlén, |
| Relator term | ilustradora |
| 9 (RLIN) | 14011 |
| 942 ## - ADDED ENTRY ELEMENTS (KOHA) | |
| Source of classification or shelving scheme | Dewey Decimal Classification |
| Koha item type | Books |
| Withdrawn status | Lost status | Source of classification or shelving scheme | Damaged status | Not for loan | Collection code | Home library | Current library | Date acquired | Source of acquisition | Total Checkouts | Full call number | Barcode | Date last seen | Date last checked out | Copy number | Price effective from | Koha item type | Public note |
|---|---|---|---|---|---|---|---|---|---|---|---|---|---|---|---|---|---|---|
| Dewey Decimal Classification | Fiction | Biblioteca Pública José María del Castillo y Rada | Biblioteca Pública José María del Castillo y Rada | 10/02/2020 | Donación | 3 | C / GARy | 201810572 | 01/28/2026 | 01/28/2026 | Ej.1 | 02/26/2021 | Books | Exlibris: Nota en cubierta de portada "Pedro Andrés Pacavita Nova 3 primaria" |